000 00830nam a2200205Ii 4500
003 JO-AjNU
008 230605s9999||||xx |||||||||||||| ||und||
040 _aJO-AjNU
_bara
_erda
_cJO-AjNU
041 _aara
050 1 4 _aDS87.2.A35.T3736 1983
100 3 _aتاليف ترحيني، فايز؛ تقديم الكك، فيكتور,
_eauthor
_98125
245 0 0 _aالشيخ أحمد رضا والفكر العاملي
250 _aط1
264 3 1 _aبيروت: منشورات الافاق الجديدة، 1983
300 _a178ص
_bيشتمل على ملاحق
336 _atext
_btxt
_2rdacontent
337 _aunmediated
_bn
_2rdamedia
338 _avolume
_bnc
_2rdacarrier
650 4 _aالادباء اللبنانيون- تراجم ، احمد رضا، احمد رضا بن ابراهيم بن حسين 1289-1370ه
_98126
999 _aA630
_c4198
_d4198